10-Letter Countries on a Map Quiz Stats

 Plays Quiz Updated Jan 26, 2016

Challenge
Share
Tweet
Score 0/20 Timer 04:00
0 Plays Today
% Correct
Madagascar
97.7%
New Zealand
95.6%
North Korea
93.2%
Kazakhstan
87%
Luxembourg
82.5%
Bangladesh
82.3%
South Korea
81.3%
El Salvador
77.5%
Azerbaijan
69.4%
Kyrgyzstan
67.9%
% Correct
Mozambique
66.6%
Mauritania
65.9%
Seychelles
65.9%
South Sudan
61.3%
Montenegro
60.4%
Tajikistan
59.9%
Micronesia
59.9%
Uzbekistan
56.9%
Timor-Leste
51.7%
Saint Lucia
42.3%

You're not logged in!

Compare scores with friends on all Sporcle quizzes.
OR
Log In

You Might Also Like...

Show Comments

Extras

Top Quizzes Today


Score Distribution

Your Account Isn't Verified!

In order to create a playlist on Sporcle, you need to verify the email address you used during registration. Go to your Sporcle Settings to finish the process.

Report this User

Report this user for behavior that violates our Community Guidelines.

Details: